| 000 | 00359 a2200157 4500 | ||
|---|---|---|---|
| 001 | 68121 | ||
| 020 | _a9783190318827 | ||
| 040 | _cAnchieta - Pituba | ||
| 100 | _aPuchta, Herbert | ||
| 240 | 1 | 0 |
_aMotive B1 - Kompaktkurs DaF _ldeu / ger |
| 245 | 1 | 0 | _aMotive B1 - Kompaktkurs DaF |
| 300 | _a242 | ||
| 362 | 0 | _a2016 | |
| 650 | 4 | _aLíngua alemã | |
| 942 | _cBK | ||
| 999 |
_c68121 _d68121 |
||